000 01666cam a22004574i 4500
003 PE-LiUPU
005 20250731172735.0
008 150617s r 000 0 d
035 _a(Sirsi) a11720
040 _aPE-LiUPU
_bspa
_cPE-LiUPU
_dcPE-LiUPU
_erda
049 _aPRUA
082 0 4 _a200.1
_bN37
_221
100 1 _aNeeser, Maurice,
_d1883-1955,
_eautor.
245 1 3 _aLa Religion hors des limites de la raison :
_btraits principaux d'une philosophie de la religion sur les bases du kantisme /
_cMaurice Neeser.
264 1 _aParís :
_bAttinger Frères,
_c1910.
300 _a322 páginas ;
_c23 centímetros
336 _atext
_2rdacontent
337 _aunmediated
_2rdamedia
338 _avolume
_2rdacarrier
505 0 _aInsuffisance philosophique essentielle de toute assise historique de la religion -- Insuffisance philosophique essentielle de certaines bases psychologiques de la religion -- Le domaine de la raison d'apres Kant -- En route vers l'au-delà.
526 _aSEG42
526 _aSEG41
526 _aSEG40
526 _aSEG39
526 _aP94
526 _aP87
526 _aP86
526 _aP85
526 _aP77
526 _aP76
526 _aP35
600 1 _aKant, Immanuel,
_d1724-1804
650 0 4 _aReligión
_xFilosofía.
650 0 4 _aRazón.
910 _ajck
_bjvq
_cjck
_d20150616
942 _2ddc
_cBOOK
994 _aC0
_bPEPRU
596 _a1
999 _a200.1 N37
_wDEWEY
_c1899
_i00190
_f2021-11-11
_g5
_lCCODEBUL1
_mBUL
_p22.00
_r0
_sY
_tBOOK
_u2015-6-17
_xTEOLOGIA
_PP35
_0COMPRA
_o.STAFF. Colección Teología
_d1899
980 _81
_gALBERTO SANCHEZ Responsable de Automatización